000 01028nas a2200325 4500
001 BR2018000942
003 BR-BrBNA
005 20231205131322.0
007 ta
008 230509b bl.|||p| |||| 00| 00por d
040 _aBR-BrBNA
_bpor
_cBiblioteca Nacional de Agricultura
041 _a(Pt)
072 _aQ03
100 1 _aLisboa, C.S.
100 1 _aSantos, P.S.
100 1 _aCampos, K.P.
100 1 _aPinto, M.S.P.
245 1 _aQualidade microbiológica de refrescos armazenados em garrafas pet e refresqueiras comercializados em um município do recôncavo da Bahia
650 _aCONSUMIDOR
650 _aREFRESCO
650 _aARMAZENAMENTO
650 _aCOMERCIALIZAÇÃO
650 _aANÁLISE MICROBIOLÓGICA
650 _aCONTAMINAÇÃO
650 _aHIGIENE DE ALIMENTO
650 _aSEGURANÇA ALIMENTAR
773 0 _tHigiene Alimentar (Brazil)
_xISSN 0101-9171
_g(Mar-Apr 2018), v. 32(278-279) p. 74-78
_wBR2018000942
909 _a202311
_bLúcia
_c55
_dLúcia Elande
942 _2AGRIS
_n0
_cANA
999 _c254163
_d254163